Analýza postupu ekonomickej transformácie v ČSFR a SR

V r. 1990 bol schválený zásadný koncepčný dokument - Scenár ekonomickej reformy. Bol založený na liberalizácii cien, úspornej menovej a rozpočtovej politiky, vnútornej vymeniteľnosi meny a liberalizácii zahraničného obchodu a rýchlej a rozsiahlej privatizácii. Zmena transformačnej stratégie po r. 19...

Descripción completa

Guardado en:
Detalles Bibliográficos
Autor principal: Mikloš, I.
Formato: Capítulo de libro
Lenguaje:eslovaco
Materias:
Etiquetas: Agregar Etiqueta
Sin Etiquetas, Sea el primero en etiquetar este registro!

MARC

LEADER 00000naa a2200000 4500
001 r017395
005 20221205102744.0
041 0 |a slo 
044 |a SK 
245 1 0 |a Analýza postupu ekonomickej transformácie v ČSFR a SR  |c I. Mikloš 
520 |a V r. 1990 bol schválený zásadný koncepčný dokument - Scenár ekonomickej reformy. Bol založený na liberalizácii cien, úspornej menovej a rozpočtovej politiky, vnútornej vymeniteľnosi meny a liberalizácii zahraničného obchodu a rýchlej a rozsiahlej privatizácii. Zmena transformačnej stratégie po r. 1992. 
610 2 0 |a reformy hospodárske 
610 2 0 |a Slovensko 
610 2 0 |a Česko 
610 2 0 |a ČSFR 
610 2 0 |a 1990-1994 
610 2 0 |a rozvoj hospodársky 
610 2 0 |a transformácia 
610 2 0 |a privatizácia 
610 2 0 |a liberalizácia 
610 2 0 |a ceny 
610 2 0 |a obchod zahraničný 
610 2 0 |a mena 
610 2 0 |a rozpočet štátny 
610 2 0 |a politika rozpočtová 
610 2 0 |a produkt domáci hrubý 
100 1 |a Mikloš, I.